Countries of North America With the Letter G - Statistics

General Stats
  • This quiz has been taken 53 times
  • The average score is 5 of 6
Answer Stats
Countries % Correct
Guatemala
96%
Saint Vincent andthe Grenadines
90%
Grenada
88%
Nicaragua
84%
Trinidad andTobago
84%
Antigua and Barbuda
82%
No matching quizzes found
Score Distribution
Percent of People with Each Score
Percentile by Number Answered
Your Score History
You have not taken this quiz